Buku bergambar (Record no. 37173)

MARC details
000 -LEADER
fixed length control field 00758nam a2200277 i 4500
001 - CONTROL NUMBER
control field C2-0126162
003 - CONTROL NUMBER IDENTIFIER
control field PPAK
005 - DATE AND TIME OF LATEST TRANSACTION
control field 20180727115358.0
008 - FIXED-LENGTH DATA ELEMENTS--GENERAL INFORMATION
fixed length control field 970911s1991 my a|||| ||||| | may d
020 ## - INTERNATIONAL STANDARD BOOK NUMBER
International Standard Book Number 9679692736
040 ## - CATALOGING SOURCE
Original cataloging agency PPAK
Language of cataloging eng
Transcribing agency PPAK
Description conventions rda
082 04 - DEWEY DECIMAL CLASSIFICATION NUMBER
Classification number 499.2386
Edition number 23
090 00 - LOCALLY ASSIGNED LC-TYPE CALL NUMBER (OCLC); LOCAL CALL NUMBER (RLIN)
Classification number (OCLC) (R) ; Classification number, CALL (RLIN) (NR) 499.2386
Feature heading SAR
Feature heading K
100 0# - MAIN ENTRY--PERSONAL NAME
Personal name Sariah Amirin,
Relator term author
245 10 - TITLE STATEMENT
Title Buku bergambar
264 #1 - PRODUCTION, PUBLICATION, DISTRIBUTION, MANUFACTURE, AND COPYRIGHT NOTICE
Place of production, publication, distribution, manufacture Kuala Lumpur :
Name of producer, publisher, distributor, manufacturer Berita ,
Date of production, publication, distribution, manufacture, or copyright notice 1991
300 ## - PHYSICAL DESCRIPTION
Extent 18 pages :
Other physical details illustrations ;
Dimensions 28 cm
336 ## - CONTENT TYPE
Source rdacontent
Content type term text
337 ## - MEDIA TYPE
Source rdamedia
Media type term unmediated
338 ## - CARRIER TYPE
Source rdacarrier
Carrier type term volume
490 1# - SERIES STATEMENT
Series statement Siri prasekolah berita
500 ## - GENERAL NOTE
General note Jil.(peringkat 3)
650 10 - SUBJECT ADDED ENTRY--TOPICAL TERM
Topical term or geographic name entry element Bahasa Malaysia - Alphabet
830 #0 - SERIES ADDED ENTRY--UNIFORM TITLE
Uniform title Siri prasekolah berita
942 ## - ADDED ENTRY ELEMENTS (KOHA)
-- dc
Koha item type Book
Holdings
Withdrawn Not for loan Current library Shelving location Date acquired Full call number Barcode Date last seen Koha item type
    PD16, Kg. Jelai, Pendang Pinjaman Kanak-kanak 22/10/1997 K 499.2386 SAR A00086493 08/05/2018 Book
    PD17, Kg. Binjul, Kuala Ketil Pinjaman Kanak-kanak 22/10/1997 K 499.2386 SAR A00086494 08/05/2018 Book